Método de lectura-escritura : (Record no. 159548)

MARC details
000 -LEADER
campo de control de longitud fija 01063nam a22002655i 4500
001 - NÚMERO DE CONTROL
campo de control 159548
003 - IDENTIFICADOR DE NÚMERO DE CONTROL
campo de control ES-MaACL
005 - FECHA Y HORA DE LA ÚLTIMA TRANSACCIÓN
campo de control 20250825000748.0
008 - DATOS DE LONGITUD FIJA--INFORMACIÓN GENERAL
campo de control de longitud fija 040804s1879 sp a |||| | spa d
040 ## - FUENTE DE CATALOGACIÓN
Centro catalogador/agencia de origen CAM
Lengua de catalogación spa
Centro/agencia transcriptor ES-MaACL
080 ## - NÚMERO DE LA CLASIFICACIÓN DECIMAL UNIVERSAL
Número de la Clasificación Decimal Universal 372.41(07)
080 ## - NÚMERO DE LA CLASIFICACIÓN DECIMAL UNIVERSAL
Número de la Clasificación Decimal Universal 372.45(07)
245 00 - MENCIÓN DEL TÍTULO
Título Método de lectura-escritura :
Resto del título primer grado : procedimiento y ejercicios, útil a profesores de ambos sexos, instructores y padres de familia : parte del maestro /
Mención de responsabilidad, etc. por los profesores de la Asociación Laboriosidad
260 ## - PUBLICACIÓN, DISTRIBUCIÓN, ETC.
Lugar de publicación, distribución, etc. Barcelona :
Nombre del editor, distribuidor, etc. [s.n.],
Fecha de publicación, distribución, etc. 1879
Fabricante (Est. Tip. de El Porvenir)
300 ## - DESCRIPCIÓN FÍSICA
Extensión 119 páginas :
Otras características físicas ilustraciones ;
Dimensiones 19 cm
594 ## - NOTA AL TITULO Y MENCION DE RESPONSABILIDAD
Nota En portada: Segunda serie. Instrucción primaria
650 #4 - PUNTO DE ACCESO ADICIONAL DE MATERIA--TÉRMINO DE MATERIA
Término de materia o nombre geográfico como elemento de entrada Lectura-
Subdivisión de forma Libros escolares
9 (RLIN) 14067
650 #4 - PUNTO DE ACCESO ADICIONAL DE MATERIA--TÉRMINO DE MATERIA
Término de materia o nombre geográfico como elemento de entrada Escritura-
Subdivisión de forma Libros escolares
9 (RLIN) 241989
655 #7 - TERMINO DE INDIZACIÓN--GENERO/FORMA
Datos o término principal de género/forma Libros de texto
Fuente del término tgfbne
9 (RLIN) 226790
710 2# - ENTRADA AGREGADA--NOMBRE DE ENTIDAD CORPORATIVA
Nombre de entidad corporativa o nombre de jurisdicción como elemento de entrada Asociación Laboriosidad
Término indicativo de función/relación entidad responsable
9 (RLIN) 134619
852 4# - LOCALIZACIÓN
Ubicación ES-MaACL
Ubicación en estantería Sala Valle Inclán
Número de control de estantería D-959
Encuadernación Holandesa
942 ## - ELEMENTOS DE ENTRADA SECUNDARIOS (KOHA)
Tipo de ítem Koha Libro impreso antiguo
Suprimir en OPAC No
Holdings
Estatus retirado Estado de pérdida Estado de daño No para préstamo Colección Biblioteca de origen Biblioteca actual Ubicación en estantería Fecha de adquisición Fuente de adquisición Total de préstamos Signatura topográfica completa Código de barras Visto por última vez Precio de reemplazo Tipo de ítem Koha
        Libros del s. XIX Biblioteca del Ateneo de Madrid Biblioteca del Ateneo de Madrid Sala Valle Inclán 17/01/2008     D-959 901167026 23/02/2023 23/02/2023 Libro impreso antiguo